[Event "Arlington DC op 1st"]
[Site "Arlington"]
[Date "2013.06.29"]
[Round "5"]
[White "Wheeler, Cameron"]
[Black "Moazami, Amir"]
[Result "1/2-1/2"]
[WhiteElo "2219"]
[BlackElo "1957"]
[PlyCount "99"]
[EventDate "2013.06.27"]
[EventType "swiss"]
[EventRounds "9"]
[EventCountry "USA"]
[SourceTitle "CBM 155 Extra"]
[Source "ChessBase"]
[SourceDate "2013.08.26"]
[SourceVersion "1"]
[SourceVersionDate "2013.08.26"]
[SourceQuality "1"]

1. Nf3 Nf6 2. c4 d5 3. cxd5 Nxd5 4. g3 c5 5. Bg2 Nc6 6. Nc3 Nc7 7. d3 e5 8. 0-0 Be7 9. Nd2 Bd7 10. Nc4 f6 11. f4 b5 12. Ne3 0-0 13. Ned5 Rb8 14. fxe5 fxe5 15. Rxf8+ Bxf8 16. Nxc7 Qxc7 17. Be3 Nd4 18. Rc1 Bg4 19. Bxd4 exd4 20. Ne4 Qe5 21. Qd2 Be7 22. Qa5 Bxe2 23. Re1 Bh5 24. Qxa7 Kh8 25. Qa5 Bd8 26. Qa6 Bg5 27. b3 Be3+ 28. Kh1 Bg6 29. Rf1 Qe7 30. Qc6 Bxe4 31. Bxe4 Rf8 32. Rf3 Rb8 33. Rf5 g6 34. Rxc5 Qf7 35. Bf3 b4 36. Kg2 Rf8 37. Ra5 Qf6 38. Qe4 Qb6 39. Qe7 Qf6 40. Qe4 Qb6 41. Ra4 Qc5 42. h4 h5 43. Qxg6 Qc2+ 44. Kh3 Qc8+ 45. Kh2 Qc2+ 46. Bg2 Bg1+ 47. Kh1 Qxg2+ 48. Kxg2 Rf2+ 49. Kh1 Rh2+ 50. Kxg1 1/2-1/2

[Event "Arlington DC op 1st"]
[Site "Arlington"]
[Date "2013.06.28"]
[Round "4"]
[White "Moazami, Amir"]
[Black "Polgar, Tom"]
[Result "1-0"]
[WhiteElo "1957"]
[BlackElo "2075"]
[PlyCount "75"]
[EventDate "2013.06.27"]
[EventType "swiss"]
[EventRounds "9"]
[EventCountry "USA"]
[SourceTitle "CBM 155 Extra"]
[Source "ChessBase"]
[SourceDate "2013.08.26"]
[SourceVersion "1"]
[SourceVersionDate "2013.08.26"]
[SourceQuality "1"]

1. e4 c5 2. Nf3 Nc6 3. d4 cxd4 4. Nxd4 g6 5. c4 Nf6 6. Nc3 Nxd4 7. Qxd4 d6 8. Be2 Bg7 9. 0-0 0-0 10. Qd3 Be6 11. Bd2 Nd7 12. b3 Nc5 13. Qc2 Rc8 14. Rac1 f5 15. Bf3 Qe8 16. Nd5 h6 17. Rce1 Kh7 18. Nf4 Bd7 19. h4 e5 20. Nd5 f4 21. Kh2 Qe6 22. Rh1 Bf6 23. Kg1 Kg7 24. g3 g5 25. gxf4 gxf4 26. Kf1 Kh7 27. Nxf4 exf4 28. e5+ Qf5 29. Qxf5+ Bxf5 30. exf6 Bd3+ 31. Be2 Bxe2+ 32. Rxe2 Rxf6 33. Re7+ Kg6 34. Rg1+ Kh5 35. f3 Re6 36. Rf7 Nd3 37. Rf5+ Kxh4 38. Rg4+ 1-0

[Event "Wch U12"]
[Site "Maribor"]
[Date "2012.11.12"]
[Round "5.15"]
[White "Moazami, Amir"]
[Black "Ludwig, John Gabriel"]
[Result "0-1"]
[WhiteElo "1946"]
[BlackElo "2055"]
[PlyCount "88"]
[EventDate "2012.11.08"]
[EventType "swiss"]
[EventRounds "11"]
[EventCountry "SLO"]
[SourceTitle "EXT 2013"]
[Source "ChessBase"]
[SourceDate "2012.11.22"]
[SourceVersion "1"]
[SourceVersionDate "2012.11.22"]
[SourceQuality "1"]

1. e4 c5 2. Nf3 d6 3. d4 cxd4 4. Nxd4 Nf6 5. Nc3 a6 6. Be2 e6 7. 0-0 Be7 8. a4 Nc6 9. Be3 0-0 10. f4 Qc7 11. Kh1 Bd7 12. Nb3 b6 13. Bf3 Rab8 14. Qe2 Nb4 15. Bg1 Bc8 16. e5 dxe5 17. fxe5 Nd7 18. Rae1 Bb7 19. Bxb7 Qxb7 20. Nd4 Qc7 21. Bf2 Bc5 22. Nf3 Bxf2 23. Rxf2 Nc6 24. Qe3 b5 25. b3 bxa4 26. Nxa4 Rb5 27. c4 Ra5 28. c5 Rb5 29. Rd2 Rfb8 30. Red1 Nf8 31. Nb6 h6 32. Rd7 Nxd7 33. Rxd7 Rxb3 34. Qxb3 Qxd7 35. Qa4 Qc7 36. h3 a5 37. Nd4 Nxe5 38. Qxa5 Rd8 39. Qc3 Nc6 40. Nf3 Rd1+ 41. Ng1 Ne7 42. Qf3 Rc1 43. Qa8+ Kh7 44. Nd7 Qxd7 0-1